Les arrêts du bus 24 (Marseille) - Statistiques

Statistiques générales
  • Ce quiz a été pris 28 fois
  • Le résultat moyen est 9 sur 23
Statistiques - réponses
Arrêts de bus % Correct
Ste Marguerite
90%
Le Redon
81%
Le Cabot
67%
Métro Ste Marguerite Dromel
57%
Hôpital Ste Marguerite
52%
Luminy PN des Calanques
52%
Campus de Luminy
48%
La Pugette
48%
La Rouvière
43%
Le Redon La Panouse
43%
Grand Pré
38%
Luminy Kedge BS
38%
HLM de Luminy
33%
Luminy Lachamp
33%
Antide Boyer
29%
Le Fangas
29%
Luminy Complexe Sportif
29%
Allée des Pins
24%
Luminy Faculté
24%
Salvator Paoli Calmettes
24%
La Gouffonne
19%
Lachamp Le Clos des Iris
14%
Ste Marguerite Vauthier
14%
Aucun quiz correspondant
Distribution des résultats
% des personnes avec chaque résultat
Percentile par nombre de réponses
Votre historique - résultats
Vous n’avez pas pris ce quiz